000 00505nam a2200181Ia 4500
005 20250326123858.0
008 250326s9999 xx 000 0 und d
037 _aTextbook
040 _aFMSL
_beng
_cFMSL
041 _aeng
_2eng
084 _aS8 L5
_qFMSL
100 _aSamuel W
_9736298
245 0 _aContemporary social psychology: introduction
_cSamuel W
260 _aNew Jersey
_bNew Jersey, Prentice-Hall
_c1975
300 _a527p
942 _cTB
_hS8 L5
999 _c1271319
_d1271319